=LDR 00000nam 2200000 4500 =001 INLIS000000000055848 =005 20200729072902 =035 ##$$a 0010-0720000152 =007 ta =008 200729###########################0#eng## =082 ##$$a 641.5 =084 ##$$a 641.5 Mic a =245 1#$$a A Quintet of Cuisines /$c Michael and Frances Field =300 ##$$a 208 halaman : $b Ilustrasi ; $c 24 Cm. =500 ##$$a Indeks : halaman 200 -207 =650 #4$$a Masakan =264 ##$$a Nederland :$b Time-Life International,$c 1977 =336 ##$$a teks$2 rdacontent =337 ##$$a lain-lain$2 rdamedia =338 ##$$a lain-lain$2 rdacarrier =990 ##$$a 26992699